[Event "TCh-RUS Blitz 2015"]
[Site "Sochi RUS"]
[Date "2015.05.10"]
[Round "10.13"]
[White "Korobov, Anton"]
[Black "Malakhov, Vladimir"]
[Result "1-0"]
[WhiteTitle "GM"]
[BlackTitle "GM"]
[WhiteElo "2708"]
[BlackElo "2702"]
[WhiteTeam "Sibir (Novosibirsk)"]
[BlackTeam "Malachite (Sverdlovsk region)"]
[WhiteFideId "14105730"]
[BlackFideId "4120787"]
[EventDate "2015.05.10"]

1. d4 d5 2. Bg5 c6 3. e3 Bf5 4. Nf3 Nd7 5. c4 Ngf6 6. Nc3 e6 7. Bd3 Bxd3 8. Qxd3
Be7 9. O-O O-O 10. c5 e5 11. Qc2 h6 12. Bh4 Nh5 13. Bxe7 Qxe7 14. b4 e4 15. Nd2
f5 16. f4 g5 17. g3 gxf4 18. exf4 Kh8 19. Ne2 Rg8 20. Rab1 Qh4 21. Rb3 Qh3 22.
Rf2 Rae8 23. Nf1 Ndf6 24. b5 cxb5 25. Rxb5 e3 26. Rg2 Re4 27. Rxb7 Qg4 28. c6
Ree8 29. c7 Ne4 30. Qc6 Nhf6 31. Nxe3 Qf3 32. Nf1 Rc8 33. Rxa7 Ng4 34. Rb7 Kh7
35. Rb3 1-0

[Event "TCh-RUS Blitz 2015"]
[Site "Sochi RUS"]
[Date "2015.05.10"]
[Round "10.14"]
[White "Riazantsev, Alexander"]
[Black "Bocharov, Dmitry"]
[Result "1-0"]
[WhiteTitle "GM"]
[BlackTitle "GM"]
[WhiteElo "2671"]
[BlackElo "2577"]
[WhiteTeam "Malachite (Sverdlovsk region)"]
[BlackTeam "Sibir (Novosibirsk)"]
[WhiteFideId "4125029"]
[BlackFideId "4138716"]
[EventDate "2015.05.10"]

1. d4 d6 2. Nf3 Nf6 3. c4 g6 4. Nc3 Bf5 5. Qb3 b6 6. h3 Nc6 7. Bg5 Bg7 8. e3 O-O
9. Be2 h6 10. Bh4 Na5 11. Qd1 c5 12. O-O Rc8 13. b3 Ne4 14. Nxe4 Bxe4 15. Rc1 g5
16. Bg3 f5 17. Nd2 Bb7 18. d5 Rc7 19. Bd3 Bc8 20. f4 e5 21. dxe6 Bxe6 22. e4
Rcf7 23. fxg5 f4 24. g6 Bd4+ 25. Kh1 Rg7 26. Bxf4 Rxg6 27. e5 Rg7 28. Bxh6 Bxh3
29. Rxf8+ Qxf8 30. Bxg7 Bxg2+ 1-0

[Event "TCh-RUS Blitz 2015"]
[Site "Sochi RUS"]
[Date "2015.05.10"]
[Round "10.15"]
[White "Kokarev, Dmitry"]
[Black "Lysyj, Igor"]
[Result "1-0"]
[WhiteTitle "GM"]
[BlackTitle "GM"]
[WhiteElo "2635"]
[BlackElo "2677"]
[WhiteTeam "Sibir (Novosibirsk)"]
[BlackTeam "Malachite (Sverdlovsk region)"]
[WhiteFideId "4132181"]
[BlackFideId "4150120"]
[EventDate "2015.05.10"]

1. g3 Nf6 2. Bg2 d5 3. Nf3 e6 4. d3 Be7 5. O-O O-O 6. Nbd2 c5 7. e4 Nc6 8. Re1
b5 9. e5 Nd7 10. Nf1 Bb7 11. h4 a5 12. N1h2 Qc7 13. Bf4 Rfc8 14. Ng4 Bf8 15. Ng5
Qd8 16. c4 Ne7 17. cxb5 a4 18. d4 h6 19. Nf3 Nf5 20. Ne3 Nxd4 21. Nxd4 cxd4 22.
Qxd4 Qa5 23. Bf1 Bc5 24. Qd3 Qb6 25. Rac1 Bd4 26. Ng4 h5 27. Ne3 Rxc1 28. Rxc1
Bxb2 29. Re1 Bxe5 30. Nxd5 Bxd5 31. Bxe5 Nxe5 32. Rxe5 g6 33. a3 Rc8 34. Re1 Qc5
35. Rb1 Bb3 36. Ra1 Qe5 37. Rb1 Qc5 38. Ra1 Qe5 39. Rb1 Kg7 40. b6 Rb8 41. Rxb3
axb3 42. Qxb3 Qa5 43. b7 Qa7 44. Bg2 Kg8 45. a4 Kh7 46. Qb4 Kg7 47. Qb5 Qd4 48.
a5 Qd1+ 49. Bf1 Qd4 50. a6 e5 51. Qa5 e4 52. a7 Rxb7 53. a8=Q Rb1 54. Qe8 Rxf1+
55. Kxf1 Qd1+ 56. Qe1 1-0

[Event "TCh-RUS Blitz 2015"]
[Site "Sochi RUS"]
[Date "2015.05.10"]
[Round "10.16"]
[White "Khismatullin, Denis"]
[Black "Maletin, Pavel"]
[Result "0-1"]
[WhiteTitle "GM"]
[BlackTitle "GM"]
[WhiteElo "2666"]
[BlackElo "2587"]
[WhiteTeam "Malachite (Sverdlovsk region)"]
[BlackTeam "Sibir (Novosibirsk)"]
[WhiteFideId "4142578"]
[BlackFideId "4146786"]
[EventDate "2015.05.10"]

1. Nf3 c5 2. b3 d6 3. g3 Nc6 4. Bg2 e5 5. O-O g6 6. Bb2 Bg7 7. c4 Nge7 8. Nc3
O-O 9. e3 Rb8 10. h3 f5 11. d3 a6 12. a4 Kh8 13. Qd2 Be6 14. Ng5 Bg8 15. f4 d5
16. fxe5 Nxe5 17. Rad1 N7c6 18. Nf3 d4 19. Nd5 dxe3 20. Nxe3 Nxf3+ 21. Bxf3 Nd4
22. Bd5 Qg5 23. Qf2 Rbe8 24. Rde1 f4 25. Ng4 Bxd5 26. Rxe8 Rxe8 27. gxf4 Qf5 28.
cxd5 Re2 29. Qh4 Rxb2 30. Qd8+ Qf8 31. Qc7 Ne2+ 32. Kh2 Nd4+ 33. Kh1 Re2 34. d6
Ne6 35. Qxb7 Qxd6 36. Ne5 Bxe5 37. fxe5 Rxe5 38. Qc8+ Kg7 39. Qb7+ Kh6 40. Rf7
Qd5+ 41. Qxd5 Rxd5 42. Rf6 Ng5 43. h4 Nh3 44. Rxa6 Nf2+ 45. Kg2 Nxd3 46. Rb6
Nf4+ 47. Kf3 Nd3 48. Ke4 Rd4+ 49. Ke3 Nb4 50. Rb5 Nd5+ 51. Kf3 Nf6 52. Ke2 c4
53. Rb4 Re4+ 54. Kf3 cxb3 55. Rb6 Re3+ 56. Kxe3 Nd5+ 57. Kd3 Nxb6 58. a5 Nd7 59.
Kc3 Nc5 0-1

[Event "TCh-RUS Blitz 2015"]
[Site "Sochi RUS"]
[Date "2015.05.10"]
[Round "10.17"]
[White "Potapov, Pavel"]
[Black "Goganov, Aleksey"]
[Result "1-0"]
[WhiteTitle "IM"]
[BlackTitle "GM"]
[WhiteElo "2477"]
[BlackElo "2609"]
[WhiteTeam "Yamal (YaNAO)"]
[BlackTeam "Polytechnic (Nizhny Tagil)"]
[WhiteFideId "4169786"]
[BlackFideId "24109959"]
[EventDate "2015.05.10"]

1. e4 d6 2. d4 Nf6 3. Nc3 e5 4. Nf3 Nbd7 5. Bc4 Be7 6. O-O O-O 7. Re1 c6 8. a4
a5 9. d5 Nb6 10. Bb3 cxd5 11. Nxd5 Nbxd5 12. Bxd5 Nxd5 13. Qxd5 Qc7 14. Qd3 Be6
15. b3 h6 16. c4 Qc6 17. Ba3 Rfe8 18. Rad1 Rad8 19. h3 Bf8 20. Nd2 g6 21. Nf1 f5
22. f3 fxe4 23. fxe4 Qb6+ 24. Qe3 Qc7 25. Qg3 Kh7 26. Ne3 Bg7 27. Nd5 Qc6 28.
Rf1 Bxd5 29. Rxd5 Qb6+ 30. Kh2 Rf8 31. Rfd1 Rf6 32. c5 Qc6 33. cxd6 Rd7 34. Rxe5
Rdf7 35. Red5 h5 36. d7 1-0

[Event "TCh-RUS Blitz 2015"]
[Site "Sochi RUS"]
[Date "2015.05.10"]
[Round "10.18"]
[White "Krutko, Anatoly"]
[Black "Belyakov, Bogdan"]
[Result "1/2-1/2"]
[WhiteTitle "FM"]
[BlackTitle "IM"]
[WhiteElo "2397"]
[BlackElo "2478"]
[WhiteTeam "Polytechnic (Nizhny Tagil)"]
[BlackTeam "Yamal (YaNAO)"]
[WhiteFideId "4185862"]
[BlackFideId "24104795"]
[EventDate "2015.05.10"]

1. g3 g6 2. Bg2 Bg7 3. Nf3 Nf6 4. O-O O-O 5. c4 d6 6. Nc3 Nc6 7. Rb1 a6 8. d3
Rb8 9. b4 b5 10. cxb5 axb5 11. a3 Bd7 12. Bb2 e5 13. Rc1 Ne7 14. e4 c6 15. d4
Ng4 16. dxe5 Nxe5 17. Nxe5 dxe5 18. Nb1 Be6 19. Nd2 Qd3 20. Nf3 Rfd8 21. Nxe5
Qd2 22. Qxd2 Rxd2 23. Nxc6 Nxc6 24. Bxg7 Kxg7 25. Rxc6 Rd3 26. Ra1 Ra8 27. Bf1
Rdxa3 28. Rxa3 Rxa3 29. Rc5 Rb3 30. Kg2 Rxb4 31. Bd3 Rd4 32. Bxb5 Rxe4 33. Bc6
Rb4 34. Bf3 h5 35. h4 Kf6 36. Rc3 Rb2 37. Re3 Bf5 38. Be4 Be6 39. Bf3 Rb1 40.
Be4 Ra1 41. Bf3 Bc4 42. Be4 Bf1+ 43. Kh2 Ra2 44. Kg1 Bh3 45. Bd5 Rb2 46. Rf3+
Bf5 47. Be4 Rb5 48. Bxf5 Rxf5 1/2-1/2

[Event "TCh-RUS Blitz 2015"]
[Site "Sochi RUS"]
[Date "2015.05.10"]
[Round "10.19"]
[White "Goryachkina, Aleksandra"]
[Black "Pogromsky, Mikhail"]
[Result "1/2-1/2"]
[WhiteTitle "WGM"]
[BlackTitle "IM"]
[WhiteElo "2474"]
[BlackElo "2428"]
[WhiteTeam "Yamal (YaNAO)"]
[BlackTeam "Polytechnic (Nizhny Tagil)"]
[WhiteFideId "4147103"]
[BlackFideId "4184688"]
[EventDate "2015.05.10"]

1. Nf3 Nf6 2. c4 b6 3. g3 Bb7 4. Bg2 g6 5. O-O Bg7 6. Nc3 O-O 7. b3 Ne4 8. Bb2
Nxc3 9. Bxc3 Bxc3 10. dxc3 d6 11. Qd2 Nd7 12. Qh6 Bxf3 13. Bxf3 Rb8 14. Rad1 Ne5
15. Rd4 Nxf3+ 16. exf3 f6 17. f4 e5 18. Rdd1 Qe7 19. Rfe1 Qg7 20. Qh4 g5 21.
fxg5 fxg5 22. Qe4 Rf7 23. Rd3 g4 24. b4 Kh8 25. Re2 Rbf8 26. c5 Rf6 27. cxd6
cxd6 28. c4 a5 29. a3 axb4 30. axb4 h5 31. c5 bxc5 32. bxc5 dxc5 33. Qxe5 Rf5
34. Qxg7+ Kxg7 35. Rc3 Rc8 36. Rec2 Kf6 37. Kg2 Kg5 1/2-1/2

[Event "TCh-RUS Blitz 2015"]
[Site "Sochi RUS"]
[Date "2015.05.10"]
[Round "10.20"]
[White "Vokarev, Sergey"]
[Black "Sergeyev, Alexander"]
[Result "1/2-1/2"]
[WhiteTitle "GM"]
[BlackTitle "FM"]
[WhiteElo "2456"]
[BlackElo "2380"]
[WhiteTeam "Polytechnic (Nizhny Tagil)"]
[BlackTeam "Yamal (YaNAO)"]
[WhiteFideId "4119711"]
[BlackFideId "13702076"]
[EventDate "2015.05.10"]

1. e4 e5 2. Nf3 Nf6 3. Nxe5 d6 4. Nf3 Nxe4 5. d3 Nf6 6. d4 Be7 7. Bd3 O-O 8. O-O
c5 9. Re1 Bg4 10. h3 Bh5 11. Bf4 Nc6 12. dxc5 dxc5 13. Nbd2 Nd5 14. Bg3 Ndb4 15.
Be2 Bg6 16. Rc1 Nxa2 17. Ra1 Nab4 18. Rc1 Bf6 19. c3 Nd3 20. Bxd3 Qxd3 21. Qb3
b6 22. Nc4 h5 23. Re3 Qf5 24. Nd6 Qd7 25. Rd1 Na5 26. Qd5 Rad8 27. Ree1 Qc6 28.
Qxc6 Nxc6 29. Nh4 Bc2 30. Rd2 Bb3 31. Nhf5 Be6 32. Red1 Bxf5 33. Nxf5 Rxd2 34.
Rxd2 Rd8 35. Re2 g6 36. Nd6 h4 37. Bf4 g5 38. Bh2 Be7 39. Rd2 Bxd6 40. Rxd6 Rxd6
41. Bxd6 f6 42. f4 c4 43. Kf2 Kf7 44. fxg5 fxg5 45. Ke3 Ke6 46. Bc7 Kd5 47. g3
hxg3 48. Bxg3 Ne5 49. Bh2 b5 50. Bg3 a5 51. Bh2 a4 52. Bg3 Nd3 53. Bc7 Nxb2 54.
Kd2 Nd3 55. Kc2 Nf4 56. h4 Ne6 57. h5 Nf8 58. Kb2 Ke4 59. Ka3 Kf3 60. Kb4 g4 61.
Bd6 Nh7 62. Kxb5 g3 63. Kxc4 g2 64. Bh2 Kg4 65. h6 Kg5 66. Kb4 Kxh6 67. c4 Kg6
68. c5 Nf8 69. c6 Ne6 70. Kxa4 Kf5 71. Kb5 Ke4 72. Kc4 Nc7 73. Kc5 Kf5 74. Kd6
Na6 75. Bg1 Ke4 76. Bb6 Kd3 77. Kd5 Kc3 78. Bg1 Kb4 79. Kd6 Kb5 80. Kd7 Kc4 81.
c7 Nxc7 1/2-1/2

[Event "TCh-RUS Blitz 2015"]
[Site "Sochi RUS"]
[Date "2015.05.10"]
[Round "10.21"]
[White "Triapishko, Olexandr"]
[Black "Sjugirov, Sanan"]
[Result "1/2-1/2"]
[BlackTitle "GM"]
[WhiteElo "2393"]
[BlackElo "2670"]
[WhiteTeam "Crimea (Republic of Crimea)"]
[BlackTeam "Lada (Samara region)"]
[WhiteFideId "14122286"]
[BlackFideId "4189302"]
[EventDate "2015.05.10"]

1. Nf3 Nf6 2. g3 d5 3. Bg2 c6 4. O-O Bg4 5. d3 Nbd7 6. b3 e5 7. Bb2 Bd6 8. c4
O-O 9. Nc3 d4 10. Ne4 Nxe4 11. dxe4 a5 12. a3 Qb6 13. Rb1 Rfd8 14. Ne1 Be6 15.
Qc2 Qa6 16. a4 b5 17. Rc1 bxc4 18. bxc4 c5 19. Nd3 Nb6 20. Ba3 Rac8 21. Nb2 f6
22. Rfd1 Qb7 23. Rd3 Qc6 24. Bf3 Rb8 25. Rb3 Bd7 26. Rb5 Qa8 27. Bxc5 Bxb5 28.
Bxb6 Rxb6 29. cxb5 Rb7 30. Qb3+ Kh8 31. Rc6 Rc7 32. Qd5 Rxc6 33. bxc6 Ba3 34.
Qb5 Bxb2 35. c7 Rc8 36. Qd7 h5 37. Bxh5 Qb7 38. Bg4 Rxc7 39. Qe8+ Kh7 40. Qh5+
Kg8 41. Qe8+ Kh7 42. Qh5+ Kg8 43. Qe8+ Kh7 44. Bf5+ g6 45. Qxg6+ Kh8 1/2-1/2

[Event "TCh-RUS Blitz 2015"]
[Site "Sochi RUS"]
[Date "2015.05.10"]
[Round "10.22"]
[White "Bukavshin, Ivan"]
[Black "Shemeakin, Alexander"]
[Result "1-0"]
[WhiteTitle "GM"]
[BlackTitle "IM"]
[WhiteElo "2648"]
[BlackElo "2247"]
[WhiteTeam "Lada (Samara region)"]
[BlackTeam "Crimea (Republic of Crimea)"]
[WhiteFideId "4199758"]
[BlackFideId "14101840"]
[EventDate "2015.05.10"]

1. Nf3 d5 2. g3 c6 3. Bg2 Bf5 4. O-O e6 5. c4 Nf6 6. cxd5 cxd5 7. Qb3 Qc8 8. d3
Nc6 9. Bf4 Be7 10. Rc1 O-O 11. Ne5 Nd7 12. Nxc6 bxc6 13. Nc3 e5 14. Bd2 Rb8 15.
Nxd5 Bd6 16. Qd1 Be6 17. Rxc6 Qxc6 18. Ne7+ Bxe7 19. Bxc6 Nb6 20. Bc3 f6 21. b4
Nd5 22. Qb3 Nf4 23. Qb2 Nd5 24. b5 Rfc8 25. Qd2 Nxc3 26. Qxc3 Rxb5 27. d4 exd4
28. Qd3 Rb6 29. Be4 g6 30. Qxd4 Rd8 31. Qe3 Kf7 32. Qh6 Kg8 33. h4 Bf8 34. Qe3
Bg7 35. Rc1 Bf7 36. Bf3 Re6 37. Qxa7 Bf8 38. Kh2 Re7 39. Rc7 Rxc7 40. Qxc7 Re8
41. a4 Re5 42. a5 Bd6 43. Qxd6 1-0

[Event "TCh-RUS Blitz 2015"]
[Site "Sochi RUS"]
[Date "2015.05.10"]
[Round "10.23"]
[White "Alexeev, Alexey"]
[Black "Mokshanov, Alexey"]
[Result "1-0"]
[WhiteTitle "IM"]
[BlackTitle "IM"]
[WhiteElo "2320"]
[BlackElo "2469"]
[WhiteTeam "Crimea (Republic of Crimea)"]
[BlackTeam "Lada (Samara region)"]
[WhiteFideId "14106663"]
[BlackFideId "24121657"]
[EventDate "2015.05.10"]

1. d4 d5 2. c4 e6 3. Nf3 Nf6 4. g3 dxc4 5. Bg2 Be7 6. O-O O-O 7. Qc2 a6 8. Qxc4
b5 9. Qc2 Bb7 10. Bd2 Be4 11. Qc1 Bb7 12. Qc2 Nbd7 13. Ba5 Nb6 14. Nbd2 Rc8 15.
b4 Bd5 16. Rfc1 Qe8 17. Ne5 Bxg2 18. Kxg2 Nfd5 19. Nc6 f5 20. e3 Bd6 21. Qb2 Qg6
22. Kh1 Qh5 23. Re1 Kh8 24. Qc2 Nf6 25. Kg2 Nbd5 26. Qd1 Qh6 27. Rc1 g5 28. h3
Qg6 29. Ne5 Qg7 30. a3 Qe7 31. Rc6 Ra8 32. Qc2 Rfe8 33. f3 f4 34. e4 Ne3+ 35.
Rxe3 fxe3 36. Nf1 Nd7 37. Bxc7 Bxe5 38. dxe5 Qg7 39. Nxe3 Nxe5 40. Bxe5 Qxe5 41.
Ng4 Qg7 42. Rc7 Qd4 43. e5 Ra7 44. Qxh7# 1-0

[Event "TCh-RUS Blitz 2015"]
[Site "Sochi RUS"]
[Date "2015.05.10"]
[Round "10.24"]
[White "Brodsky, Michail"]
[Black "Gritsayeva, Oksana"]
[Result "1-0"]
[WhiteTitle "GM"]
[BlackTitle "WFM"]
[WhiteElo "2555"]
[BlackElo "2328"]
[WhiteTeam "Lada (Samara region)"]
[BlackTeam "Crimea (Republic of Crimea)"]
[WhiteFideId "14100932"]
[BlackFideId "14104652"]
[EventDate "2015.05.10"]

1. d4 g6 2. c4 Bg7 3. e4 d6 4. Nc3 Nc6 5. Be3 e5 6. d5 Nd4 7. Nge2 Nxe2 8. Bxe2
Bh6 9. Qd2 Bxe3 10. Qxe3 Nf6 11. c5 O-O 12. O-O Kg7 13. Rac1 a6 14. a4 Qe7 15.
a5 Bg4 16. cxd6 cxd6 17. Na4 Bxe2 18. Qxe2 Rac8 19. Nb6 Rxc1 20. Rxc1 Nh5 21. g3
f5 22. exf5 Rxf5 23. Rc4 Rf7 24. Rc8 Qg5 25. Qc2 Nf6 26. Rc7 Ng4 27. Rxf7+ Kxf7
28. Qc8 Qf5 29. Qxf5+ gxf5 30. Nc8 Nf6 31. Nxd6+ Ke7 32. Nxf5+ Kd7 33. Ne3 Kd6
34. g4 Kc5 35. h4 Kb4 36. Kg2 Kxa5 37. Kf3 Kb6 38. g5 Nd7 39. h5 Kc5 40. Ke4 a5
41. h6 a4 42. Kf5 Nf8 43. Kxe5 b5 44. f4 b4 45. f5 b3 46. Nd1 Nd7+ 47. Ke6 Nb6
48. g6 1-0

[Event "TCh-RUS Blitz 2015"]
[Site "Sochi RUS"]
[Date "2015.05.10"]
[Round "10.25"]
[White "Reshetnikov, Alexey"]
[Black "Gabrielian, Artur"]
[Result "1/2-1/2"]
[WhiteTitle "IM"]
[BlackTitle "GM"]
[WhiteElo "2498"]
[BlackElo "2576"]
[WhiteTeam "Our heritage junior (Moscow)"]
[BlackTeam "Stavropol region"]
[WhiteFideId "4162080"]
[BlackFideId "4131002"]
[EventDate "2015.05.10"]

1. Nf3 Nf6 2. c4 g6 3. Nc3 Bg7 4. e4 O-O 5. d4 d6 6. Be2 Bg4 7. Be3 Nc6 8. d5
Bxf3 9. Bxf3 Ne5 10. Be2 c6 11. O-O a5 12. b3 h5 13. f3 Nfd7 14. Rc1 Nc5 15. Qd2
Kh7 16. Kh1 Ned7 17. Bd1 Qb6 18. Ne2 Qb4 19. Bc2 Qxd2 20. Bxd2 Rfc8 21. Rfd1 Bb2
22. Rb1 Ba3 23. Nd4 Ne5 24. Bg5 Rc7 25. g3 Na6 26. Kg2 Nb4 27. Bd2 Rcc8 28. f4
Nd7 29. Bxb4 Bxb4 30. Nf3 Kg7 31. e5 cxd5 32. exd6 Bxd6 33. Rxd5 Nf6 34. Rb5 a4
35. Re1 axb3 36. Bxb3 Rc7 37. Ng5 e6 38. Rb6 Bc5 39. Rbxe6 Rd7 40. R6e2 Rd3 41.
Nf3 Rc3 42. Ne5 h4 43. Rd2 hxg3 44. hxg3 Nh5 45. Nf3 Ra6 46. Ree2 Rf6 47. Rc2
Rd3 48. Rcd2 Rc3 49. Rc2 Rd3 50. Rcd2 Rc3 51. Rd5 Rxf4 52. Rxh5 Rfxf3 53. Rxc5
Rxg3+ 54. Kf2 Rcf3+ 55. Ke1 Rf6 56. Rce5 g5 57. c5 Rg1+ 58. Kd2 g4 59. R2e4 Kh6
60. Re7 Rf2+ 61. Kc3 g3 62. Rg4 Kh5 63. Rg7 g2 64. Kb4 Rb1 65. Rxb7 g1=Q 66.
Rxg1 Rxg1 67. Rxf7 Rxf7 68. Bxf7+ Kg5 69. c6 Rb1+ 70. Kc5 Kf6 71. c7 Kxf7 72.
Kd6 Rd1+ 73. Kc6 Rc1+ 74. Kd7 Rd1+ 75. Kc6 Rc1+ 76. Kb7 Rb1+ 77. Kc6 1/2-1/2

[Event "TCh-RUS Blitz 2015"]
[Site "Sochi RUS"]
[Date "2015.05.10"]
[Round "10.26"]
[White "Nechaev, Oleg"]
[Black "Vavulin, Maksim"]
[Result "1-0"]
[BlackTitle "IM"]
[WhiteElo "2329"]
[BlackElo "2442"]
[WhiteTeam "Stavropol region"]
[BlackTeam "Our heritage junior (Moscow)"]
[WhiteFideId "24113409"]
[BlackFideId "4169530"]
[EventDate "2015.05.10"]

1. c4 g6 2. g3 Bg7 3. Bg2 e5 4. Nc3 f5 5. d3 d6 6. e4 Ne7 7. Nge2 O-O 8. Be3 c6
9. Qd2 Be6 10. Bh6 fxe4 11. Bxg7 Kxg7 12. Nxe4 Nf5 13. Qc3 Nd7 14. O-O Qe7 15.
f4 d5 16. Ng5 d4 17. Qd2 Ne3 18. Rf2 Bf5 19. Nf3 c5 20. Bh1 Rae8 21. fxe5 Nxe5
22. Nf4 N5g4 23. Re2 Qd6 24. Rae1 b6 25. h3 Nf6 26. Kh2 h6 27. Nh4 Bd7 28. Nhxg6
Rg8 29. Nh4 Kh7 30. Rxe3 dxe3 31. Rxe3 Rxe3 32. Qxe3 Re8 33. Qf3 Qd4 34. Bg2
Qxb2 35. Nd5 Nxd5 36. Qxd5 Be6 37. Qe4+ Kh8 38. Qg6 Re7 39. Qxh6+ Kg8 40. Ng6
Rg7 41. Qh8+ Kf7 42. Nf4 Qf6 43. Nxe6 Kxe6 44. Qe8+ Re7 45. Bd5+ Ke5 46. Qb8+
Kd4 47. Qf4+ Qxf4 48. gxf4 Kxd3 49. f5 Re5 50. f6 Rf5 51. f7 Kc2 52. Kg3 Kb2 53.
Kg4 Rf1 54. Be6 Rf6 55. Kg5 Rxf7 56. Bxf7 Kxa2 57. h4 a5 58. Be8 Kb3 59. h5 a4
60. Bxa4+ Kxa4 61. h6 b5 62. h7 bxc4 63. h8=Q Kb3 64. Qh1 Kb2 65. Qg2+ Kb3 66.
Qf1 c3 67. Qc1 1-0

[Event "TCh-RUS Blitz 2015"]
[Site "Sochi RUS"]
[Date "2015.05.10"]
[Round "10.27"]
[White "Savenkov, Konstantin"]
[Black "Rozhko, Dmitry"]
[Result "1-0"]
[WhiteTitle "FM"]
[BlackTitle "FM"]
[WhiteElo "2320"]
[BlackElo "2342"]
[WhiteTeam "Our heritage junior (Moscow)"]
[BlackTeam "Stavropol region"]
[WhiteFideId "4138600"]
[BlackFideId "4150430"]
[EventDate "2015.05.10"]

1. e4 c6 2. d4 d5 3. Nd2 dxe4 4. Nxe4 h6 5. h3 Bf5 6. Nc5 Nd7 7. Bd3 Bxd3 8.
Nxd3 e6 9. Nf3 Ngf6 10. Bf4 Be7 11. O-O O-O 12. Re1 c5 13. c3 cxd4 14. Nxd4 Nc5
15. Ne5 a5 16. Qe2 Qb6 17. Rad1 Rad8 18. Nc4 Qa6 19. Bc7 Rd7 20. Bxa5 Nd5 21.
Ne5 Qxa5 22. Nxd7 Nxd7 23. Nxe6 fxe6 24. Qxe6+ Rf7 25. Rxd5 Qb6 26. Rxd7 Qxf2+
27. Kh1 Kh7 1-0

[Event "TCh-RUS Blitz 2015"]
[Site "Sochi RUS"]
[Date "2015.05.10"]
[Round "10.28"]
[White "Bykov, Egor"]
[Black "Shuvalova, Polina"]
[Result "1-0"]
[BlackTitle "WFM"]
[WhiteElo "2263"]
[BlackElo "2212"]
[WhiteTeam "Stavropol region"]
[BlackTeam "Our heritage junior (Moscow)"]
[WhiteFideId "34115290"]
[BlackFideId "24171760"]
[EventDate "2015.05.10"]

1. d4 Nf6 2. Nf3 g6 3. Bg5 Bg7 4. Nbd2 d5 5. e3 O-O 6. Be2 Nbd7 7. O-O c6 8. c3
Ne4 9. Bf4 Nxd2 10. Nxd2 f6 11. h3 e5 12. Bh2 f5 13. dxe5 Nxe5 14. Nf3 Nxf3+ 15.
Bxf3 Be6 16. Qc2 Bf7 17. Rfd1 Qf6 18. a4 b6 19. Qd3 Rfe8 20. Qa6 Re7 21. Rd2
Rae8 22. Rad1 g5 23. a5 b5 24. Kh1 Be6 25. Qxc6 b4 26. Bxd5 bxc3 27. bxc3 Qxc3
28. Qxc3 Bxc3 29. Bxe6+ Rxe6 30. Rd5 f4 31. Rxg5+ Kf7 32. Bxf4 Kf6 33. Rh5 R8e7
34. Rdd5 Rg7 35. Rh6+ Ke7 36. Bg5+ Rxg5 37. Rxe6+ Kxe6 38. Rxg5 Kf6 39. Rc5 Be1
40. Kg1 Bb4 41. Rb5 1-0

[Event "TCh-RUS Blitz 2015"]
[Site "Sochi RUS"]
[Date "2015.05.10"]
[Round "10.29"]
[White "Demidov, Mikhail"]
[Black "Skomorokhin, Roman"]
[Result "1-0"]
[WhiteTitle "IM"]
[BlackTitle "IM"]
[WhiteElo "2513"]
[BlackElo "2381"]
[WhiteTeam "Boavista (Moscow)"]
[BlackTeam "SK Volga (Kstovo)"]
[WhiteFideId "4197143"]
[BlackFideId "4112610"]
[EventDate "2015.05.10"]

1. b3 d6 2. Bb2 Nd7 3. e3 Ngf6 4. d3 e5 5. a3 g6 6. Nd2 Bg7 7. Be2 O-O 8. g4 c6
9. h4 d5 10. Nh3 Ne8 11. g5 a5 12. h5 a4 13. b4 c5 14. b5 Nb6 15. c4 Bxh3 16.
Rxh3 Qxg5 17. Rg3 Qh4 18. cxd5 Qh1+ 19. Bf1 Nd6 20. e4 c4 21. hxg6 fxg6 22. Qg4
c3 23. Bxc3 Rac8 24. Bb4 Rfd8 25. Rh3 1-0

[Event "TCh-RUS Blitz 2015"]
[Site "Sochi RUS"]
[Date "2015.05.10"]
[Round "10.30"]
[White "Skomorokhin, Vadim"]
[Black "Vastrukhin, Oleg"]
[Result "1/2-1/2"]
[WhiteTitle "FM"]
[WhiteElo "2342"]
[BlackElo "2389"]
[WhiteTeam "SK Volga (Kstovo)"]
[BlackTeam "Boavista (Moscow)"]
[WhiteFideId "4119835"]
[BlackFideId "4192770"]
[EventDate "2015.05.10"]

1. d4 g6 2. e4 c6 3. Nf3 Bg7 4. h3 d5 5. e5 Nh6 6. Bd3 O-O 7. O-O f6 8. exf6
exf6 9. Bf4 Nf7 10. Nbd2 Na6 11. a3 Nc7 12. c4 dxc4 13. Nxc4 Nd5 14. Bg3 Re8 15.
Qb3 b5 16. Ncd2 a5 17. Rfe1 Be6 18. Qc2 Rc8 19. Ne4 Nb6 20. Qc3 Na4 21. Qc2 Bd5
22. Nfd2 f5 23. Nc5 Nxc5 24. Qxc5 Qf6 25. Bxb5 Qxd4 26. Qxd4 Bxd4 27. Ba6 Rcd8
28. Rxe8+ Rxe8 29. Rb1 g5 30. Bc7 a4 31. Bc4 Bxc4 32. Nxc4 Re2 33. Rd1 Bxf2+ 34.
Kf1 Rc2 35. Rd2 Rxc4 36. Kxf2 Kg7 37. Ke2 Kf6 38. Kd3 Re4 39. Kc3 Ke6 40. b3
axb3 41. Kxb3 c5 42. a4 Rb4+ 43. Ka3 Rb7 44. Bh2 f4 45. Bg1 Ne5 46. Rc2 c4 47.
Bd4 Rc7 48. a5 Kd5 49. Bb6 Rc6 50. Ka4 Nd3 51. Kb5 c3 52. a6 Nb4 53. Kxb4 Rxb6+
54. Ka5 Rxa6+ 55. Kxa6 Kc4 56. Kb6 Kd3 57. Rc1 Kd2 58. Ra1 c2 59. Kc5 h5 60. Kd4
g4 61. hxg4 hxg4 62. Ke4 f3 63. gxf3 gxf3 64. Kxf3 c1=Q 65. Rxc1 Kxc1 66. Ke4 1/2-1/2

[Event "TCh-RUS Blitz 2015"]
[Site "Sochi RUS"]
[Date "2015.05.10"]
[Round "10.31"]
[White "Pasiev, Rakhim"]
[Black "Talanin, Andrei"]
[Result "1-0"]
[WhiteTitle "IM"]
[WhiteElo "2384"]
[BlackElo "2279"]
[WhiteTeam "Boavista (Moscow)"]
[BlackTeam "SK Volga (Kstovo)"]
[WhiteFideId "24122475"]
[BlackFideId "4117387"]
[EventDate "2015.05.10"]

1. e4 c5 2. Nf3 e6 3. d4 cxd4 4. Nxd4 d6 5. Nc3 Nf6 6. Be3 Be7 7. Bd3 a6 8. O-O
O-O 9. f4 Nc6 10. Qf3 Qc7 11. Kh1 Rb8 12. Qg3 Re8 13. Nf3 e5 14. f5 b5 15. Bh6
Bf8 16. Bg5 Be7 17. Bxf6 Bxf6 18. Nd5 Qd8 19. a3 Kh8 20. b4 Ne7 21. Nxf6 gxf6
22. c4 Rg8 23. Qh4 Nc6 24. cxb5 axb5 25. Rac1 Bd7 26. Rfd1 Qe7 27. h3 Rg7 28.
Nh2 Rbg8 29. Ng4 Rg5 30. Qh6 Rxg4 31. hxg4 Nd4 32. Rc7 Qd8 33. Rdc1 Rxg4 34.
R1c3 d5 35. exd5 e4 36. Rxd7 Qxd7 37. Qxf6+ Kg8 38. Qxd4 Qxf5 39. Be2 Rh4+ 40.
Kg1 h6 41. Rg3+ Kf8 42. Qc5+ Ke8 43. Rg8+ Kd7 44. Qc8+ 1-0